| 000 | 00788nam a22002177a 4500 | ||
|---|---|---|---|
| 999 |
_c15751 _d15751 |
||
| 003 | OSt | ||
| 005 | 20201117153858.0 | ||
| 008 | 181213b ||||| |||| 00| 0 eng d | ||
| 022 | _a0730-3084 | ||
| 040 | _c0 | ||
| 082 | _aDPer 613.705 J863 Sept 2015-Apr 2016 v. 86-87 | ||
| 100 |
_aHyde, Amanda _942566 |
||
| 245 |
_a Are you protected by the recreational use statue? _cAmanda Hyde, Sarah J. Young and Thomas H. Sawyer, Editor _b |
||
| 260 |
_aPhiladelphia: _bShape America-Society of Health and Physical Educators, _c©Sept 2015-Apr 2016. |
||
| 300 |
_av86, n8, pages 48-49: _billustrations; _c28 cm. |
||
| 500 | _aJOPERD | ||
| 650 |
_a Administration of justice. _933110 |
||
| 700 |
_aYoung, S. J. _eAuthor. _942569 |
||
| 700 |
_aSawyer, T. H. _eEditor _942570 |
||
| 942 |
_2ddc _cPER |
||